[Event "GER-chT U16"]
[Site "Neumarkt in der Oberpfalz"]
[Date "2016.12.29"]
[Round "5.4"]
[White "Jilge, Sebastian"]
[Black "Yaroshenko, Yaroslav"]
[Result "0-1"]
[WhiteElo "1395"]
[BlackElo "1631"]
[PlyCount "84"]
[EventDate "2016.12.27"]
[EventType "team-swiss"]
[EventRounds "7"]
[EventCountry "GER"]
[SourceTitle "EXT 2018"]
[Source "ChessBase"]
[SourceDate "2017.10.13"]
[SourceVersion "1"]
[SourceVersionDate "2017.10.13"]
[SourceQuality "1"]
[WhiteTeam "Gau Algesheim"]
[BlackTeam "Graefelfing"]
[WhiteTeamCountry "GER"]
[BlackTeamCountry "GER"]

1. e4 d6 2. d4 g6 3. Nf3 Bg7 4. Nc3 Nc6 5. Bb5 Bd7 6. 0-0 e5 7. dxe5 Nxe5 8. Bxd7+ Qxd7 9. Bg5 h6 10. Nxe5 Bxe5 11. Bh4 Ne7 12. Qf3 0-0 13. Bf6 Qe6 14. Bxe5 Qxe5 15. Qe3 Kh7 16. Rae1 a6 17. f4 Qc5 18. Qxc5 dxc5 19. Rd1 Rad8 20. Nd5 Nxd5 21. exd5 Rd6 22. c4 Rfd8 23. Rf3 c6 24. Rfd3 cxd5 25. Rxd5 Rxd5 26. Rxd5 Rxd5 27. cxd5 Kg7 28. Kf2 f5 29. Ke3 Kf7 30. Kd3 b5 31. b4 c4+ 32. Kd4 Ke7 33. h3 h5 34. h4 Kd6 35. a3 Kd7 36. Kc3 Ke7 37. Kd4 Kd6 38. g3 Kd7 39. a4 Kd6 40. a5 Kd7 41. Kc3 Kc7 42. Kd4 Kd6 0-1

[Event "GER-chT U16"]
[Site "Neumarkt in der Oberpfalz"]
[Date "2016.12.28"]
[Round "3.4"]
[White "Jilge, Sebastian"]
[Black "Hoppe, Nico"]
[Result "1-0"]
[WhiteElo "1395"]
[BlackElo "1531"]
[PlyCount "43"]
[EventDate "2016.12.27"]
[EventType "team-swiss"]
[EventRounds "7"]
[EventCountry "GER"]
[SourceTitle "EXT 2018"]
[Source "ChessBase"]
[SourceDate "2017.10.13"]
[SourceVersion "1"]
[SourceVersionDate "2017.10.13"]
[SourceQuality "1"]
[WhiteTeam "Gau Algesheim"]
[BlackTeam "Emsdetten Rochade"]
[WhiteTeamCountry "GER"]
[BlackTeamCountry "GER"]

1. e4 c6 2. d4 d5 3. Nc3 dxe4 4. Nxe4 Bf5 5. Nc3 e6 6. Nf3 Nf6 7. Bf4 Nbd7 8. Bd3 Bxd3 9. Qxd3 c5 10. 0-0-0 Be7 11. Nb5 Nd5 12. Bd6 a6 13. Bxe7 Qxe7 14. Nc3 Nxc3 15. Qxc3 Rd8 16. dxc5 Nf6 17. Rxd8+ Qxd8 18. Qb4 Qc7 19. Rd1 0-0 20. Qd4 Rc8 21. Ne5 Qxc5 22. Qxc5 1-0

[Event "GER-chT U16"]
[Site "Neumarkt in der Oberpfalz"]
[Date "2016.12.28"]
[Round "4.4"]
[White "Knuepfer, Tim"]
[Black "Jilge, Sebastian"]
[Result "1-0"]
[WhiteElo "1606"]
[BlackElo "1395"]
[PlyCount "37"]
[EventDate "2016.12.27"]
[EventType "team-swiss"]
[EventRounds "7"]
[EventCountry "GER"]
[SourceTitle "EXT 2018"]
[Source "ChessBase"]
[SourceDate "2017.10.13"]
[SourceVersion "1"]
[SourceVersionDate "2017.10.13"]
[SourceQuality "1"]
[WhiteTeam "Leipzig SG"]
[BlackTeam "Gau Algesheim"]
[WhiteTeamCountry "GER"]
[BlackTeamCountry "GER"]

1. e4 e5 2. Nf3 Nc6 3. Bc4 Bc5 4. b4 Bxb4 5. c3 Bc5 6. d4 exd4 7. 0-0 dxc3 8. Bxf7+ Kxf7 9. Qd5+ Kf8 10. Qxc5+ Qe7 11. Qc4 Nf6 12. Re1 d6 13. e5 d5 14. Qf4 c2 15. Ba3 cxb1Q 16. Bxe7+ Nxe7 17. Raxb1 Ng6 18. Qb4+ Kf7 19. exf6 1-0

[Event "GER-chT U16"]
[Site "Neumarkt in der Oberpfalz"]
[Date "2016.12.27"]
[Round "2.4"]
[White "Ortner, Jonas Ruben"]
[Black "Jilge, Sebastian"]
[Result "0-1"]
[WhiteElo "1423"]
[BlackElo "1395"]
[PlyCount "124"]
[EventDate "2016.12.27"]
[EventType "team-swiss"]
[EventRounds "7"]
[EventCountry "GER"]
[SourceTitle "EXT 2018"]
[Source "ChessBase"]
[SourceDate "2017.10.13"]
[SourceVersion "1"]
[SourceVersionDate "2017.10.13"]
[SourceQuality "1"]
[WhiteTeam "Bebenhausen"]
[BlackTeam "Gau Algesheim"]
[WhiteTeamCountry "GER"]
[BlackTeamCountry "GER"]

1. e4 e5 2. Nf3 Nc6 3. Bc4 Bc5 4. c3 Nf6 5. d4 exd4 6. cxd4 Bb4+ 7. Nc3 Nxe4 8. 0-0 Bxc3 9. d5 0-0 10. bxc3 Ne7 11. d6 Nxd6 12. Bb3 Ndf5 13. g4 Nh6 14. h3 d6 15. Bg5 Be6 16. Re1 Qd7 17. Nd4 d5 18. Bxe7 Qxe7 19. Bxd5 Rad8 20. Rxe6 fxe6 21. Nxe6 Nf7 22. Nxd8 Rxd8 23. Bxf7+ Kxf7 24. Qf3+ Qf6 25. Qxb7 Qxc3 26. Qb3+ Qxb3 27. axb3 Ra8 28. Ra6 Ke7 29. Kg2 Kd7 30. Kg3 Rb8 31. Rxa7 Rxb3+ 32. f3 Kd6 33. g5 Re3 34. Kf4 Re7 35. h4 c5 36. Rxe7 Kxe7 37. Ke5 c4 38. Kd4 Ke6 39. Kxc4 Ke5 40. Kd3 Kf4 41. Ke2 Kg3 42. h5 Kf4 43. g6 h6 44. Kf2 Kg5 45. Kg3 Kxh5 46. Kf4 Kxg6 47. Kg4 Kf6 48. Kf4 h5 49. Kg3 g5 50. Kh3 Kf5 51. Kg3 Ke5 52. Kg2 Kf4 53. Kf2 h4 54. Kg2 h3+ 55. Kxh3 Kxf3 56. Kh2 g4 57. Kg1 Kg3 58. Kh1 Kf2 59. Kh2 g3+ 60. Kh1 g2+ 61. Kh2 g1Q+ 62. Kh3 Qg3# 0-1